|
|
|
|
| LEADER |
00000nam a22000007a 4500 |
| 005 |
2022071207527.0 |
| 007 |
cr|||| ||| |
| 008 |
220712s2022 co |||||s|||| 00||0 spa d |
| 020 |
|
|
|a 978-958-56259-4-5
|
| 035 |
|
|
|a 36696
|
| 040 |
|
|
|a vLex
|
| 090 |
|
|
|c 13543
|d 13543
|
| 100 |
1 |
|
|a Chavarro Cadena, Jorge Enrique
|
| 245 |
1 |
0 |
|a Cartilla IVA e INC facturacin̤ 2022
|h [Recurso electrn̤ico] /
|c Jorge Enrique Chavarro Cadena, Cindy Lorena Chavarro Moreno, Eliecer Bello Franco
|
| 256 |
|
|
|a Servicio en ln̕ea
|
| 260 |
|
|
|a Bogot:̀
|b Grupo Editorial Nueva Legislacin̤,
|c 2022
|
| 300 |
|
|
|a 1 recurso electrn̤ico
|
| 500 |
|
|
|a La presente cartilla ha sido elaborada para brindar mejor claridad del Impuesto a las Ventas -IVA- y del Impuesto Nacional al Consumo -INC-, tanto en la parte sustantiva como en la parte procedimental, ofreciendo al lector casos prc̀ticos por medio de ejercicios y talleres, lo cual conduce a darle un adecuado tratamiento al manejo y a la planeacin̤ de estos impuestos, para efectos de elaborar correctamente las declaraciones del IVA e INC a lo largo del aǫ. Como se introducen ejercicios prc̀ticos y talleres con el respectivo diligenciamiento de la declaracin̤ de IVA teniendo en cuenta la Reforma Tributaria y las l︢timas normas, se podrǹ aclarar las inquietudes de una manera ms̀ didc̀tica y sencilla. La resolucin̤ DIAN 84/16, incluye los nuevos conceptos en la informacin̤ correspondiente a las declaraciones tributarias, correspondientes a ingresos no constitutivos de renta ni ganancia ocasional y rentas exentas, as ̕como adiciona otros para el reporte de costos y deducciones en el mismo formato, y trae como novedad el reporte de exenciones y exclusiones de IVA, as ̕como sobre tarifas diferenciales de IVA.
|
| 506 |
1 |
|
|a Disponible solo en los productos indicados
|d vLex Global
|d vLex Global (Academic Edition, excluding Law Schools)
|d vLex Global (U.S. Academic Edition, Law Schools)
|d vLex Global (U.S. Academic Edition, excluding Law Schools)
|d vLex Global (Academic Edition, Law Schools)
|
| 650 |
0 |
4 |
|a Derecho Tributario
|z Colombia
|
| 700 |
1 |
|
|a Bello Franco, Eliecer
|
| 740 |
0 |
|
|a vLex Libros (Servicio en ln̕ea)
|
| 856 |
4 |
0 |
|u https://app.vlex.com/#/sources/36696
|z Acceso restringido
|
| 942 |
|
|
|c BOOK
|
| 999 |
0 |
|
|a Tax Law
|